Ethical challenges for the social sciences on the threshold of the 21st century /

Guardat en:
Dades bibliogràfiques
Autor principal: Vessuri, Hebe
Format: Text
Etiquetes: Afegir etiqueta
Sense etiquetes, Sigues el primer a etiquetar aquest registre!

MARC

LEADER 00000 a a2200000 04500
001 48710
003
040
100 |a Vessuri, Hebe  
245 |a Ethical challenges for the social sciences on the threshold of the 21st century /  |c Hebe Vessuri  
773 |g volumen 50, número 1, (2001), páginas 135-150  
999 |c 22276  |d 22276